Modeling, diagnostics and process control : (Record no. 33251)
[ view plain ]
| 000 -LEADER | |
|---|---|
| fixed length control field | 01188cam a22003497a 4500 |
| 001 - CONTROL NUMBER | |
| control field | 16489652 |
| 003 - CONTROL NUMBER IDENTIFIER | |
| control field | OSt |
| 005 - DATE AND TIME OF LATEST TRANSACTION | |
| control field | 20211118162722.0 |
| 008 - FIXED-LENGTH DATA ELEMENTS--GENERAL INFORMATION | |
| fixed length control field | 101005s2010 gw a b 001 0 eng d |
| 010 ## - LIBRARY OF CONGRESS CONTROL NUMBER | |
| LC control number | 2010938641 |
| 020 ## - INTERNATIONAL STANDARD BOOK NUMBER | |
| International Standard Book Number | 3649783642166525 |
| 035 ## - SYSTEM CONTROL NUMBER | |
| System control number | (OCoLC)ocn679937185 |
| 038 ## - RECORD CONTENT LICENSOR | |
| Staff Name | Khadija |
| 040 ## - CATALOGING SOURCE | |
| Original cataloging agency | YDXCP |
| Transcribing agency | YDXCP |
| Modifying agency | NDD |
| -- | BTCTA |
| -- | OHX |
| -- | DLC |
| 042 ## - AUTHENTICATION CODE | |
| Authentication code | lccopycat |
| 050 00 - LIBRARY OF CONGRESS CALL NUMBER | |
| Classification number | TA331 |
| Item number | .M63 2010 |
| 072 #7 - SUBJECT CATEGORY CODE | |
| Subject category code | TA |
| Source | lcco |
| 082 ## - DEWEY DECIMAL CLASSIFICATION NUMBER | |
| Classification number | 629.83 |
| Author Mark | MOD |
| 245 00 - TITLE STATEMENT | |
| Title | Modeling, diagnostics and process control : |
| Remainder of title | implementation in the DiaSter system / |
| Statement of responsibility, etc. | Józef Korbicz, Jan Maciej Kościelny (eds.). |
| 260 ## - PUBLICATION, DISTRIBUTION, ETC. | |
| Place of publication, distribution, etc. | Berlin ; |
| -- | Heidelberg : |
| Name of publisher, distributor, etc. | Springer-Verlag, |
| Date of publication, distribution, etc. | 2010. |
| 300 ## - PHYSICAL DESCRIPTION | |
| Extent | xiv, 384 p. : |
| Other physical details | ill. ; |
| Dimensions | 24 cm. |
| 504 ## - BIBLIOGRAPHY, ETC. NOTE | |
| Bibliography, etc. note | Includes bibliographical references and index. |
| 563 ## - BINDING INFORMATION | |
| Binding note | Hardcover |
| 650 #0 - SUBJECT ADDED ENTRY--TOPICAL TERM | |
| Topical term or geographic name entry element | Process control. |
| 9 (RLIN) | 84525 |
| 650 #0 - SUBJECT ADDED ENTRY--TOPICAL TERM | |
| Topical term or geographic name entry element | Systems engineering. |
| 9 (RLIN) | 84526 |
| 700 1# - ADDED ENTRY--PERSONAL NAME | |
| Personal name | Korbicz, Józef. |
| 9 (RLIN) | 84527 |
| 700 1# - ADDED ENTRY--PERSONAL NAME | |
| Personal name | Kościelny, Jan Maciej. |
| 9 (RLIN) | 84528 |
| 906 ## - LOCAL DATA ELEMENT F, LDF (RLIN) | |
| a | 7 |
| b | cbc |
| c | copycat |
| d | 2 |
| e | ncip |
| f | 20 |
| g | y-gencatlg |
| 942 ## - ADDED ENTRY ELEMENTS (KOHA) | |
| Source of classification or shelving scheme | |
| Koha item type | Book |
| Withdrawn status | Lost status | Source of classification or shelving scheme | Damaged status | Not for loan | Permanent Location | Current Location | Shelving location | Date acquired | Full call number | Barcode | Date last seen | Price effective from | Koha item type |
|---|---|---|---|---|---|---|---|---|---|---|---|---|---|
| School of Mechanical & Manufacturing Engineering (SMME) | School of Mechanical & Manufacturing Engineering (SMME) | General Stacks | 01/18/2016 | 629.83 MOD | SMME-1992 | 03/29/2018 | 01/18/2016 | Book |
